000 00968nam a22003137a 4500
001 BR2017001995
003 BR-BrBNA
005 20230928105129.0
007 ta
008 230509b bl.||||| |||| 00| 0 por d
040 _aBR-BrBNA
_bpor
_cBiblioteca Nacional de Agricultura
041 _a(Por)
072 _aL01
_b5212
090 _ 5212 BR2017001995
100 1 _aTadini, C.P.L.
110 1 _aUniversidade Federal de Lavras, MG (Brasil)
_0Tese (Mestrado)
245 1 _aBoas práticas no manejo de vacas de leite e sua relação com a melhoria da contagem bacteriana total e contagem de células somáticas
260 3 _aLavras, MG (Brasil):
_c2016.
300 _a170 p.
500 _aSummaries (Eng, Por); 13 tables; Bibliography p. 107-119
650 _aVACA LEITEIRA
650 _aCÉLULA
650 _aMICROBIOLOGIA
650 _aBACTERIOLOGIA
650 _aMANEJO
650 _aLEITE
909 _a202309
_bLucia
_c55
_dLucia Elande
942 _cBK
999 _c83586
_d83586